| 000 | 01136nam a22002057a 4500 | ||
|---|---|---|---|
| 003 | BD-DhUL | ||
| 005 | 20170226142738.0 | ||
| 008 | 170220s2005 bg a|||| m||| 00| 0 ben d | ||
| 040 |
_aBD-DhUL _cBD-DhUL |
||
| 082 |
_a891.4409 _bBAS |
||
| 100 | 1 | _aবানু, আরজুমন্দ আরা | |
| 245 | 1 | 0 |
_aশহীদুল্লা কায়সার ও জহির রায়হানের কথা সাহিত্য : _bবিষয় ও প্রকরণ / _cআরজুমন্দ আরা বানু । _hঅভিসন্দর্ভ (পি.এইচ.ডি). |
| 260 |
_aঢাকা : _bঢাকা বিশ্ববিদ্যালয়, _c২০০৫ । |
||
| 300 |
_a ২৯৫ পৃ. ; _c২৯ সেমি । |
||
| 500 | _aঅভিসন্দর্ভ ( পিএইচ.ডি ) -- বাংলা বিভাগ, ঢাকা বিশ্ববিদ্যালয়, ২০০৫ । | ||
| 504 | _aগ্রন্থপজ্ঞি সম্বলিত । | ||
| 650 | 0 | _aবাংলা সাহিত্য । | |
| 650 | 0 | _aBangla Literature. | |
| 942 |
_2ddc _cREF |
||
| 999 |
_c157996 _d157996 |
||